Ricerche in tema di compromissum.
Guardat en:
| Autor principal: | |
|---|---|
| Format: | Llibre |
| Idioma: | italià |
| Publicat: |
Milano, Italia:
Dott. A. Giuffrè,
1958.
|
| Col·lecció: | Pubblicazioni dell'Istituto di Diritto Romano e dei Diritti dell'Oriente Mediterraneo, XXXVI.
|
| Matèries: | |
| Etiquetes: |
Afegir etiqueta
Sense etiquetes, Sigues el primer a etiquetar aquest registre!
|
MARC
| LEADER | 00000nam a2200000 a 4500 | ||
|---|---|---|---|
| 001 | UCR0945 | ||
| 003 | CL-VaPUC | ||
| 005 | 20220822114335.0 | ||
| 008 | 971205e19580000IT |||||||||||||||||ita|d | ||
| 999 | |c 264442 |d 264440 | ||
| 040 | |c Pontificia Universidad Católica de Valparaíso | ||
| 082 | 0 | 4 | |a 340.54 TAL 1958 |2 21 |
| 100 | 0 | |a Talamanca, Mario |e autor |9 397605 | |
| 245 | 1 | 0 | |a Ricerche in tema di compromissum. |
| 260 | |a Milano, Italia: |b Dott. A. Giuffrè, |c 1958. | ||
| 300 | |a 157 páginas. | ||
| 490 | 0 | |a Pubblicazioni dell'Istituto di Diritto Romano e dei Diritti dell'Oriente Mediterraneo, XXXVI. | |
| 500 | |a c.2 Donación Familia Prof. Alejandro Guzmán Brito. | ||
| 583 | |a last modification |c 19971205 00:00:00 |k Rodrigo Vera | ||
| 650 | 0 | |a Derecho romano |9 255930 | |
| 650 | 0 | |a Derecho civil |9 255013 | |
| 650 | 0 | |a Estructura jurídica |2 CL-VaPUC |9 395829 | |
| 650 | 0 | |a Derecho bizantino |2 CL-VaPUC |9 397610 | |
| 942 | |c BK |2 ddc |n 0 | ||
| 945 | |d 19971205 00:00:00 |a aolguin | ||
| 952 | |0 0 |1 0 |4 0 |6 340_540000000000000_TAL_1958 |7 0 |8 DER_ROM |9 294719 |a BIBDER |b BIBDER |d 2019-11-19 |i 1909568 |o 340.54 TAL 1958 |p 1909568 |r 2023-01-25 |w 2019-11-19 |x Ubicación 4to piso |y BK |z Este recurso debe solicitarse con anticipación |k DER | ||